02102nam a2200289 450000100030000000300040000300500170000700800410002402000180006504000080008304100130009108200170010410000240012124000440014524500880018926000440027730000110032152013260033265000250165865000100168365000210169365000230171465000110173765500120174865500160176070000360177662OSt20250528074010.0250122b |||||||g |||| 00| 1 eng d a9788535923063 bpor hengapor air820bB792m1 aBoyne, John,d1971- aThe boy in the striped pyjamas: a fable aO menino do pijama listrado /cBoyne, John ; Tradução de Augusto Pacheco Calil  aSão PaulobCompanhia das Letrasc2013 a186 p. aBruno tem nove anos e não sabe nada sobre o Holocausto e a Solução Final contra os judeus. Também não faz idéia que seu país está em guerra com boa parte da Europa, e muito menos que sua família está envolvida no conflito. Na verdade, Bruno sabe apenas que foi obrigado a abandonar a espaçosa casa em que vivia em Berlim e a mudar-se para uma região desolada, onde ele não tem ninguém para brincar nem nada para fazer. Da janela do quarto, Bruno pode ver uma cerca, e para além dela centenas de pessoas de pijama, que sempre o deixam com frio na barriga. Em uma de suas andanças Bruno conhece Shmuel, um garoto do outro lado da cerca que curiosamente nasceu no mesmo dia que ele. Conforme a amizade dos dois se intensifica, Bruno vai aos poucos tentando elucidar o mistério que ronda as atividades de seu pai. O menino do pijama listrado é uma fábula sobre amizade em tempos de guerra, e sobre o que acontece quando a inocência é colocada diante de um monstro terrível e inimaginável. "Um livro maravilhoso." - The Guardian "Intenso e perturbador [...] pode-se tornar uma introdução tão memorável ao tema como O diário de Anne Frank foi em sua época." - USA Today "Um livro tão simples e tão bem escrito que beira a perfeição." - The Irish Independent 0aLiteratura Irlandesa 0aDrama 0aGrandes Amizades 0a2° Guerra Mundial 0aGuerra 0aRomance 0aFicção  aAugusto Pacheco CalileTradutor